90% Buddhist Quiz Stats

Quiz not verified by Sporcle

Also try: 90% Muslims
Challenge
Share
Tweet
Embed
Score 0/9 Timer 01:00
0 Plays Today
Percentage Country % Correct
95%Thailand
94.2%
91%China
90.3%
96.4%Cambodia
89.3%
98%Laos
87.4%
96.7%Japan
84.5%
96%Myanmar (Burma)
80.6%
94%Bhutan
79.6%
93%Taiwan
73.8%
98%Mongolia
59.2%

You're not logged in!

Compare scores with friends on all Sporcle quizzes.
Sign Up with Email
OR
Log In

You Might Also Like...

Show Comments

Extras

Top Quizzes Today


Score Distribution

Your Account Isn't Verified!

In order to create a playlist on Sporcle, you need to verify the email address you used during registration. Go to your Sporcle Settings to finish the process.